000 00228nam a2200097Ia 4500
005 20251222114340.0
008 251222s1900||||xx |||||||||||||| ||spa||
082 _aDVD0070/B94/2003/BR
245 0 _aBig fish:El pez grande
942 _cDVD
999 _c832
_d832